[Event "TUR Cup 1516"]
[Site "Manavgat"]
[Date "2016.02.06"]
[Round "11"]
[White "Unal, Yusuf Evcim"]
[Black "Ciftci, Mehmet Emin"]
[Result "0-1"]
[WhiteElo "1632"]
[BlackElo "1874"]
[PlyCount "58"]
[EventDate "2016.01.30"]
[EventType "swiss"]
[EventRounds "11"]
[EventCountry "TUR"]
[SourceTitle "EXT 2018"]
[Source "ChessBase"]
[SourceDate "2017.10.13"]
[SourceVersion "1"]
[SourceVersionDate "2017.10.13"]
[SourceQuality "1"]

1. e4 c5 2. a3 d6 3. b4 b6 4. f4 Nf6 5. e5 dxe5 6. fxe5 Qd4 7. Qf3 Qxa1 8. Qxa8 Qxb1 9. Qxb8 Qxc1+ 10. Ke2 Kd8 11. exf6 exf6 12. Nf3 Qxc2 13. Qxa7 Qe4+ 14. Kf2 Qb7 15. Qa4 Bd6 16. d4 Ke7 17. Bb5 Rd8 18. Re1+ Kf8 19. Bc6 Qc7 20. dxc5 bxc5 21. b5 Bxh2 22. Qh4 Bd6 23. Re2 h6 24. Qe4 Kg8 25. Nd2 Be5 26. Nc4 Bd4+ 27. Ne3 f5 28. b6 Qxb6 29. Qf3 f4 0-1

[Event "Manavgat Turkey Cup"]
[Site "Manavgat"]
[Date "2016.02.05"]
[Round "10"]
[White "Ciftci, Mehmet Emin"]
[Black "Erece, Ece Alkim"]
[Result "0-1"]
[WhiteElo "1874"]
[BlackElo "1723"]
[PlyCount "82"]
[EventDate "2016.01.30"]
[EventType "swiss"]
[EventRounds "11"]
[EventCountry "TUR"]
[SourceTitle "CBM 170 Extra"]
[Source "ChessBase"]
[SourceDate "2016.02.25"]
[SourceVersion "1"]
[SourceVersionDate "2016.02.25"]
[SourceQuality "1"]

1. d4 Nf6 2. c4 e6 3. Nc3 d5 4. Nf3 Be7 5. Bf4 a6 6. c5 Nbd7 7. e3 0-0 8. Bd3 Re8 9. 0-0 b6 10. b4 Bb7 11. Qc2 Bf8 12. Na4 bxc5 13. bxc5 Bc6 14. Rab1 Ne4 15. Bxe4 dxe4 16. Ne5 Nxe5 17. Bxe5 Bb5 18. Rfd1 Bd3 19. Rxd3 exd3 20. Qxd3 Qd7 21. Nc3 Bxc5 22. Ne4 Bd6 23. Ng5 f5 24. Nf3 Rab8 25. h4 Rb5 26. Rb3 Bxe5 27. Rxb5 Qxb5 28. Nxe5 Rb8 29. Kh2 Qxd3 30. Nxd3 a5 31. a4 Rb1 32. Kg3 Ra1 33. Nc5 Kf7 34. Kf4 Ra2 35. Ke5 g6 36. Nxe6 Rxa4 37. Nxc7 Ra1 38. d5 a4 39. d6 a3 40. Nd5 Rd1 41. Nb4 Rd2 0-1

[Event "Manavgat Turkey Cup"]
[Site "Manavgat"]
[Date "2016.01.31"]
[Round "2"]
[White "Ciftci, Mehmet Emin"]
[Black "Ozen, Deniz"]
[Result "0-1"]
[WhiteElo "1874"]
[BlackElo "2061"]
[PlyCount "88"]
[EventDate "2016.01.30"]
[EventType "swiss"]
[EventRounds "11"]
[EventCountry "TUR"]
[SourceTitle "CBM 170 Extra"]
[Source "ChessBase"]
[SourceDate "2016.02.25"]
[SourceVersion "1"]
[SourceVersionDate "2016.02.25"]
[SourceQuality "1"]

1. d4 d5 2. c4 c6 3. cxd5 cxd5 4. Bf4 Nc6 5. e3 Nf6 6. Nc3 Bf5 7. Qb3 Na5 8. Bb5+ Bd7 9. Bxd7+ Qxd7 10. Qb5 Nc6 11. Nf3 e6 12. 0-0 Be7 13. Ne5 Nxe5 14. Bxe5 Qxb5 15. Nxb5 Kd7 16. Rfc1 Ne8 17. Nc7 Rc8 18. Nxe8 Rhxe8 19. Bxg7 Bb4 20. a4 Bd2 21. Rxc8 Rxc8 22. Rb1 a5 23. Kf1 Bb4 24. Bf6 Rc2 25. g4 Kc6 26. h4 b5 27. axb5+ Kxb5 28. b3 Bd6 29. Bd8 Rc8 30. Bf6 Kb4 31. Ke2 Rc2+ 32. Kf3 Ka3 33. Bd8 Ka2 34. Rf1 Bb4 35. g5 Kxb3 36. Bxa5 Bxa5 37. Kg4 Kc3 38. Kh5 Kd3 39. Kh6 Ke2 40. Ra1 Be1 41. Ra7 Bxf2 42. h5 Bxe3 43. Rxf7 Kd3 44. Rf3 Rg2 0-1

[Event "Manavgat Turkey Cup"]
[Site "Manavgat"]
[Date "2016.01.30"]
[Round "1"]
[White "Yilmazel, Sinem"]
[Black "Ciftci, Mehmet Emin"]
[Result "0-1"]
[WhiteElo "1394"]
[BlackElo "1874"]
[PlyCount "88"]
[EventDate "2016.01.30"]
[EventType "swiss"]
[EventRounds "11"]
[EventCountry "TUR"]
[SourceTitle "CBM 170 Extra"]
[Source "ChessBase"]
[SourceDate "2016.02.25"]
[SourceVersion "1"]
[SourceVersionDate "2016.02.25"]
[SourceQuality "1"]

1. e4 c5 2. c3 d5 3. exd5 Qxd5 4. Nf3 Nc6 5. Na3 Bg4 6. Be2 e5 7. Qb3 Qd7 8. Nc4 f6 9. Ne3 Be6 10. Qc2 Bd6 11. Bc4 Bxc4 12. Nxc4 Bc7 13. a3 Nge7 14. b4 Nd5 15. Ne3 Nxe3 16. dxe3 c4 17. Bb2 0-0 18. Rd1 Qg4 19. 0-0 b5 20. Rd5 a6 21. Rfd1 e4 22. h3 Qe6 23. Nh2 Rad8 24. Rxd8 Rxd8 25. Rxd8+ Bxd8 26. a4 f5 27. axb5 axb5 28. Nf1 Ne5 29. Ng3 Nd3 30. Ne2 Bc7 31. Nd4 Qe5 32. g3 h5 33. h4 g5 34. hxg5 h4 35. Ne2 hxg3 36. Nxg3 Qg7 37. Ba1 Qxg5 38. Qa2 Bxg3 39. fxg3 Qxg3+ 40. Qg2 Qxg2+ 41. Kxg2 Kf7 42. Kg3 Kg6 43. Kh4 f4 44. exf4 e3 0-1

[Event "Manavgat Turkey Cup"]
[Site "Manavgat"]
[Date "2015.02.04"]
[Round "7"]
[White "Demirkilic, Koksal"]
[Black "Ciftci, Mehmet Emin"]
[Result "1/2-1/2"]
[WhiteElo "1622"]
[BlackElo "1803"]
[PlyCount "108"]
[EventDate "2015.01.31"]
[EventType "swiss"]
[EventRounds "11"]
[EventCountry "TUR"]
[SourceTitle "CBM 164 Extra"]
[Source "ChessBase"]
[SourceDate "2015.03.02"]
[SourceVersion "1"]
[SourceVersionDate "2015.03.02"]
[SourceQuality "1"]

1. d4 Nf6 2. c4 g6 3. Nc3 Bg7 4. e4 d6 5. h3 0-0 6. Nf3 e5 7. d5 a5 8. Be3 Na6 9. Bd3 Nd7 10. g4 Ndc5 11. Bb1 Bd7 12. Qd2 Rb8 13. Bh6 b5 14. Bxg7 Kxg7 15. cxb5 Bxb5 16. Nxb5 Rxb5 17. h4 Qf6 18. Rh3 Rfb8 19. b3 a4 20. h5 Qf4 21. hxg6 Qxd2+ 22. Nxd2 hxg6 23. Bd3 Nxd3+ 24. Rxd3 Nc5 25. Rc3 axb3 26. axb3 Nxb3 27. Nxb3 Rxb3 28. Rxc7 R8b4 29. Rc6 Rxe4+ 30. Kf1 Rxg4 31. Rxd6 Rh4 32. Ra2 Rb1+ 33. Ke2 Re4+ 34. Kf3 Rf4+ 35. Ke2 Re4+ 36. Kf3 Rbe1 37. Rda6 Rf4+ 38. Kg2 Rg4+ 39. Kh3 Rg5 40. Ra1 Rxa1 41. Rxa1 e4 42. Rd1 Kf8 43. Rd4 f5 44. f4 Rg4 45. Rxe4 fxe4 46. Kxg4 Ke7 47. Kg3 Kd6 48. Kf2 Kc5 49. Ke2 Kd6 50. Kf2 Kxd5 51. Ke3 g5 52. fxg5 Ke5 53. g6 Kf6 54. Kxe4 Kxg6 1/2-1/2

[Event "Manavgat Turkey Cup"]
[Site "Manavgat"]
[Date "2015.02.03"]
[Round "6"]
[White "Ciftci, Mehmet Emin"]
[Black "Hatiboglu, Mehmet Can"]
[Result "0-1"]
[WhiteElo "1803"]
[BlackElo "1693"]
[PlyCount "76"]
[EventDate "2015.01.31"]
[EventType "swiss"]
[EventRounds "11"]
[EventCountry "TUR"]
[SourceTitle "CBM 164 Extra"]
[Source "ChessBase"]
[SourceDate "2015.03.02"]
[SourceVersion "1"]
[SourceVersionDate "2015.03.02"]
[SourceQuality "1"]

1. d4 Nf6 2. c4 e6 3. g3 d5 4. Bg2 c6 5. Nf3 Bd6 6. 0-0 Nbd7 7. Nc3 0-0 8. Qc2 dxc4 9. Bg5 Qa5 10. e4 e5 11. dxe5 Bxe5 12. Nxe5 Qxe5 13. Bf4 Qe6 14. Rad1 Ne5 15. Ne2 Nfd7 16. Nd4 Qe7 17. Nf5 Qb4 18. Rxd7 Nxd7 19. Bd6 Qb5 20. Qc3 Nf6 21. Nxg7 Qg5 22. Bxf8 Kxf8 23. Nf5 Bxf5 24. Qb4+ Kg7 25. Qxb7 Re8 26. exf5 Qxf5 27. Qxa7 c5 28. Qa4 Qd3 29. Rc1 Re5 30. Qxc4 Re1+ 31. Bf1 Rxf1+ 32. Kg2 Qxc4 33. Rxc4 Rb1 34. Rc2 Nd7 35. f4 Kf6 36. Kf3 Rd1 37. g4 Rd4 38. Ke3 Ke6 0-1